000 00610nam a2200205Ia 4500
005 20250923145343.0
008 008 250917s9999 xx 000 0 eng d
037 _aTextual
040 _aDSWL
_beng
_cDSWL
041 _aeng
_2eng
084 _aYX,z1;6-L8:g, N75
_qDSWL
100 _aMoos, Rudolf H.
_9834403
245 0 _aEvaluating correctional and common settings
_c by Rudolf H. Moos
260 _aNew York
_b John Wiley & Sons
_c1975
300 _axii,377p.
365 _aINR
_b130 . 95
925 _g130 . 95
942 _cTEXL
_hYX,z1;6-L8:g, N75
999 _c1450364
_d1450364